[Event "SD-2020-0-00311"]
[Site "LSS email"]
[Date "2020.07.15"]
[Round "?"]
[White "Jooste, Marko"]
[Black "Stringa, Alejandro"]
[Result "0-1"]
[WhiteElo "1477"]
[BlackElo "1591"]
[PlyCount "46"]
[EventDate "2020.01.27"]
[EventType "tourn (corr)"]
[EventRounds "6"]
[EventCountry "GER"]
[SourceTitle "Corr 2022"]
[Source "ChessBase"]
[SourceDate "2021.10.24"]
[SourceVersion "1"]
[SourceVersionDate "2021.10.24"]
[SourceQuality "1"]

1. d4 Nf6 2. e3 d5 3. Bd3 c5 4. c3 Nc6 5. f4 Bg4 6. Nf3 e6 7. 0-0 Bd6 8. Nbd2 cxd4 9. cxd4 0-0 10. a3 Rc8 11. b4 Ne7 12. Bb2 a5 13. b5 Bf5 14. Bxf5 Nxf5 15. Qb3 a4 16. Qd3 Ng4 17. Rae1 Qc7 18. h3 Ngxe3 19. Rxe3 Qc2 20. Bc1 Bxf4 21. Qxc2 Bxe3+ 22. Kh1 Rxc2 23. Rd1 Rfc8 0-1

[Event "LSS No Engine Cup 205 Preliminary 0"]
[Site "LSS email"]
[Date "2020.07.06"]
[Round "?"]
[White "Jooste, Marko"]
[Black "Henke, Simon"]
[Result "0-1"]
[WhiteElo "1600"]
[BlackElo "1995"]
[PlyCount "66"]
[EventDate "2020.07.06"]
[EventType "tourn (corr)"]
[EventRounds "6"]
[EventCountry "GER"]
[SourceTitle "Corr 2022"]
[Source "ChessBase"]
[SourceDate "2021.10.24"]
[SourceVersion "1"]
[SourceVersionDate "2021.10.24"]
[SourceQuality "1"]

1. d4 d5 2. Bf4 Nf6 3. e3 c5 4. c3 Nc6 5. Nd2 Bf5 6. Ngf3 h6 7. Qb3 Qc8 8. Bb5 c4 9. Qd1 a6 10. Ba4 b5 11. Bc2 Bxc2 12. Qxc2 e6 13. 0-0 Be7 14. Ne5 0-0 15. Rae1 a5 16. e4 b4 17. Nxc6 Qxc6 18. e5 Nh7 19. Nf3 Rfb8 20. Qd2 Rb7 21. h3 Rab8 22. Nh2 Bg5 23. Bxg5 Nxg5 24. Re3 bxc3 25. bxc3 Rb2 26. Qd1 Ne4 27. Qh5 Rxa2 28. Ng4 Qe8 29. f4 Rbb2 30. f5 Rxg2+ 31. Kh1 exf5 32. Rxf5 Ng3+ 33. Rxg3 Rxg3 0-1

[Event "SD-2020-0-00311"]
[Site "LSS email"]
[Date "2020.07.02"]
[Round "?"]
[White "Davila, Oscar Alfredo"]
[Black "Jooste, Marko"]
[Result "0-1"]
[WhiteElo "1524"]
[BlackElo "1477"]
[PlyCount "50"]
[EventDate "2020.01.27"]
[EventType "tourn (corr)"]
[EventRounds "6"]
[EventCountry "GER"]
[SourceTitle "Corr 2022"]
[Source "ChessBase"]
[SourceDate "2021.10.24"]
[SourceVersion "1"]
[SourceVersionDate "2021.10.24"]
[SourceQuality "1"]

1. c4 g6 2. d4 Bg7 3. Nf3 d6 4. e4 Nd7 5. Nc3 e5 6. Bg5 Ngf6 7. Nxe5 dxe5 8. dxe5 Nxe5 9. Qxd8+ Kxd8 10. Nd5 Ned7 11. Rd1 h6 12. Bxf6+ Bxf6 13. Nxf6 Ke7 14. Nd5+ Kd8 15. h4 c6 16. Nc3 Kc7 17. Be2 Re8 18. f3 Nf6 19. Kf2 Be6 20. b3 Rad8 21. g4 h5 22. g5 Nd7 23. f4 Nc5 24. b4 Rxd1 25. Re1 Rxe1 0-1

[Event "LSS No Engine Cup 203 Preliminary 0"]
[Site "LSS email"]
[Date "2020.04.27"]
[Round "?"]
[White "Jooste, Marko"]
[Black "Zmolil, Karel"]
[Result "0-1"]
[WhiteElo "1522"]
[BlackElo "1344"]
[PlyCount "45"]
[EventDate "2020.04.27"]
[EventType "tourn (corr)"]
[EventRounds "6"]
[EventCountry "GER"]
[SourceTitle "Corr 2022"]
[Source "ChessBase"]
[SourceDate "2021.10.24"]
[SourceVersion "1"]
[SourceVersionDate "2021.10.24"]
[SourceQuality "1"]

1. d4 d5 2. Nf3 Nf6 3. c4 e6 4. Bg5 Be7 5. e3 0-0 6. Nc3 h6 7. Bh4 c6 8. Rc1 Re8 9. Bd3 Nbd7 10. 0-0 Nf8 11. Ne5 N6d7 12. Bxe7 Qxe7 13. Qh5 Nf6 14. Qh4 N6d7 15. f4 Qxh4 16. g3 Qe7 17. Nf3 f5 18. cxd5 exd5 19. Ne5 Nf6 20. Rc2 Be6 21. Rfc1 Ng4 22. Nd1 Nxe5 23. dxe5 0-1

[Event "LSS No Engine Cup 203 Preliminary 0"]
[Site "LSS email"]
[Date "2020.04.27"]
[Round "?"]
[White "Sheers, Matthew"]
[Black "Jooste, Marko"]
[Result "1-0"]
[WhiteElo "1600"]
[BlackElo "1522"]
[PlyCount "63"]
[EventDate "2020.04.27"]
[EventType "tourn (corr)"]
[EventRounds "6"]
[EventCountry "GER"]
[SourceTitle "Corr 2022"]
[Source "ChessBase"]
[SourceDate "2021.10.24"]
[SourceVersion "1"]
[SourceVersionDate "2021.10.24"]
[SourceQuality "1"]

1. d4 e6 2. Nf3 d5 3. e3 Nf6 4. Bd3 c5 5. c3 Nc6 6. 0-0 Bd6 7. Nbd2 0-0 8. dxc5 Bxc5 9. e4 Qc7 10. Qe2 h6 11. h3 Nh5 12. Nb3 Bb6 13. exd5 exd5 14. Be3 Nf4 15. Qd2 Bxe3 16. Qxe3 Nxd3 17. Qxd3 Be6 18. Rfe1 Rad8 19. Re3 Qc8 20. Rae1 Bf5 21. Qe2 a5 22. Qb5 Rd6 23. Nxa5 Nxa5 24. Qxa5 Bxh3 25. gxh3 Qxh3 26. Ne5 Qh5 27. Qc7 Rf6 28. Nd7 Rg6+ 29. Kf1 Ra8 30. Re8+ Rxe8 31. Rxe8+ Kh7 32. Nf8+ 1-0

[Event "LSS SD-2008-0-00017"]
[Site "LSS email"]
[Date "2008.10.18"]
[Round "?"]
[White "Nin, Ignacio"]
[Black "Jooste, Marko"]
[Result "1-0"]
[WhiteElo "1497"]
[BlackElo "1582"]
[PlyCount "21"]
[EventDate "2008.09.28"]
[EventType "tourn (corr)"]
[EventRounds "6"]
[EventCountry "GER"]
[SourceTitle "Corr 2022"]
[Source "ChessBase"]
[SourceDate "2021.10.24"]
[SourceVersion "1"]
[SourceVersionDate "2021.10.24"]
[SourceQuality "1"]

1. e4 e6 2. d4 d5 3. Nc3 Nf6 4. Bg5 dxe4 5. Nxe4 Be7 6. Bxf6 Bxf6 7. c3 Nd7 8. f4 0-0 9. Nf3 c5 10. Nxf6+ Qxf6 11. Qd2 1-0